The generative lexicon
Guardat en:
| Autor principal: | |
|---|---|
| Format: | Llibre |
| Idioma: | anglès |
| Publicat: |
Cambridge
MIT
1998
|
| Matèries: | |
| Etiquetes: |
Afegir etiqueta
Sense etiquetes, Sigues el primer a etiquetar aquest registre!
|
MARC
| LEADER | 00000nam a2200000 a 4500 | ||
|---|---|---|---|
| 001 | UCL2148 | ||
| 003 | CL-VaPUC | ||
| 008 | 031010e19980000US |||||||||||||||||eng|d | ||
| 020 | |a 0262161583 | ||
| 082 | 0 | 4 | |a 401.43 |b PUS |2 21 |
| 100 | 0 | |a Pustejovsky, James |e author |9 479160 | |
| 245 | 1 | 4 | |a The generative lexicon |
| 300 | |a 298 p | ||
| 942 | |c BK | ||
| 945 | |d 20031010 00:00:00 |a cmena | ||
| 260 | |a Cambridge |b MIT |c 1998 | ||
| 650 | 0 | |a Análisis del discurso |9 256696 | |
| 650 | 0 | |a Semántica |9 265318 | |
| 650 | 7 | |a LINGUISTICA COMPUTACIONAL |2 CL-VaPUC |9 479161 | |
| 650 | 0 | |a Gramática |9 270497 | |
| 583 | |a last modification |c 20031010 00:00:00 |k Rodrigo Vera | ||
| 999 | |c 305507 |d 305505 | ||
| 952 | |0 0 |1 0 |4 0 |6 401_430000000000000_PUS_1998 |7 0 |8 A |9 369451 |a FDOPOS |b BIBEDU |d 2019-11-21 |i 3950360 |l 1 |m 1 |o 401.43 PUS 1998 |p 3950360 |r 2025-01-22 |s 2024-04-22 |w 2019-11-21 |y BK |k MLA | ||